000 01692nas a2200265 i 4500
001 173066
003 ES-MaACL
005 20251114120707.0
007 t|
008 091023c19311935sp a| | 1 ||pa d
080 _a3 : 061.12(460)
110 2 _aReal Academia de Ciencias Morales y Políticas (España)
_9222050
245 1 0 _aDiscursos de recepción leídos en la Real Academia de Ciencias Morales y Políticas
_g1931-1935.
260 _aMadrid :
_b[s. n.],
_c1931 (Talleres Voluntad)
300 _a1 v. ;
_c26 cm.
505 8 _aContiene: T. XVI: La actuación de las economías nacionales desntro de la vida económica internacional / Rafael Marín Lázaro (211 p.). Contestación / Marqués de Lema (p. 212-224). Opinión pública y masa neutra / Pedro Sangro y Ros de Olano (63 p.). Contestación / Juan Armada y Losada. Marqués de Fugueroa (p. 65-78). Las ciencias morales y políticas y la sociedad internacional / Salvador de Madaraiga y Torres (22 p.). Contestación / Álvaro Figueroa y Torres (p. 23-36). El concepto de la soberanía en la escuela jurídica española del siglo XVI / Eloy Bullón y Fernández (109 p.). Contestación / Severino Aznar Embid (p. 111-146).
700 1 _aMarín Lázaro, Rafael.
_976794
700 1 _aLema, Salvador Bermúdez de Castro y O'Lawlor,
_cMarqués de
_971444
700 1 _aSangro y Ros de Olano, Pedro,
_cMarqués de Guad-el-Jelú.
_9103144
700 1 _aFigueroa, Juan Armada y Losada,
_cMarqués de,
_d1861-1932
_950781
700 1 _aBullón y Fernández, Eloy,
_cMarqués de Selva Alegre,
_d1879-1957
_932523
700 1 _aAznar, Severino,
_d1870-1959
_924307
852 _aES-MaACL
_jK-198
999 _c173066
_d173066